[Event "AUTO-INT-1694"]
[Site "http://www.queenalice.com/game.php?id=773234"]
[Date "2010.5.9"]
[Round "1"]
[White "AndreGazola"]
[Black "Checker"]
[Result "1-0"]
[WhiteElo "1690"]
[BlackElo "1722"]

1. c4 e5 2. Nc3 Nc6 3. g3 Nf6 4. Nf3 e4 5. Ng5 d5 6. cxd5 Nxd5 7. Ngxe4 f5 8.
Ng5 Nxc3 9. dxc3 Qxd1+ 10. Kxd1 h6 11. Nf3 Be6 12. Be3 O-O-O+ 13. Kc1 a6 14. h4
Rh7 15. h5 g5 16. hxg6 Rhd7 17. Bh3 Bg7 18. Nh4 Ne7 19. Bc5 Bf8 20. Bxe7 Rxe7
21. Nxf5 Red7 22. e4 Kb8 23. f4 Bxf5 24. Bxf5 Rd3 25. g4 Rf3 26. Kc2 Rf2+ 27.
Kb3 Rdd2 28. Rab1 b5 29. Rhd1 Rd6 30. e5 Rxd1 31. Rxd1 Kb7 32. Rd7 a5 33. a3 a4+
34. Ka2 Rxf4 35. g7 Bxg7 36. Rxg7 h5 37. e6 hxg4 38. e7 Rxf5 39. e8=Q Rf4 40.
Qxb5+ Kc8 41. Rg8+ 1-0

[Event "AUTO-INT-1694"]
[Site "http://www.queenalice.com/game.php?id=773235"]
[Date "2010.5.9"]
[Round "1"]
[White "Checker"]
[Black "AndreGazola"]
[Result "0-1"]
[WhiteElo "1645"]
[BlackElo "1475"]

1. e4 c5 2. Qh5 e6 3. Nf3 Nf6 4. Qh4 Be7 5. e5 Nd5 6. Qc4 d6 7. exd6 Qxd6 8. d4
Nc6 9. Be3 cxd4 10. Nxd4 Nxe3 11. fxe3 O-O 12. a3 Ne5 13. Qb3 Ng4 14. h3 Qg3+
15. Kd2 Nxe3 16. Qxe3 Bg5 17. Nf3 Qf2+ 18. Kd1 Bxe3 19. Nc3 Rd8+ 20. Bd3 Qxg2
21. Rf1 Qxf1+ 22. Ne1 e5 23. h4 Bg4+ 0-1

[Event "QA-ANNIV-06"]
[Site "http://www.queenalice.com/game.php?id=790902"]
[Date "2010.6.16"]
[Round "1"]
[White "AndreGazola"]
[Black "xerxe"]
[Result "1-0"]
[WhiteElo "1547"]
[BlackElo "1787"]

1. c4 e5 2. Nc3 Nc6 3. Nf3 Nf6 4. g3 Bc5 5. Bg2 O-O 6. O-O d6 7. d3 Be6 8. a3 a5
9. Bg5 Re8 10. Ne4 d5 11. Bxf6 gxf6 12. Nxc5 Bc8 13. cxd5 Qxd5 14. Rc1 f5 15. e3
1-0

[Event "AUTO-INT-1740"]
[Site "http://www.queenalice.com/game.php?id=795969"]
[Date "2010.6.28"]
[Round "1"]
[White "AndreGazola"]
[Black "Vinicius92"]
[Result "1-0"]
[WhiteElo "1532"]
[BlackElo "1342"]

1. e4 e5 2. Nf3 d6 3. d4 c5 4. dxe5 dxe5 5. Qxd8+ Kxd8 6. Nxe5 Be6 7. Nc3 f6 8.
Nc4 Nh6 9. Bxh6 gxh6 10. O-O-O+ Ke7 11. Nd5+ Bxd5 12. exd5 Bg7 13. g3 b5 14. d6+
Ke6 15. Bg2 Na6 16. Bxa8 Rxa8 17. Na3 Rb8 18. Rhe1+ Kf7 19. d7 Rd8 20. Nxb5 Bf8
21. Nxa7 Nb8 22. a4 c4 23. c3 Bc5 24. Nb5 Rxd7 25. Rxd7+ Nxd7 26. Re4 Ne5 27. f4
Nd3+ 28. Kc2 Kg6 29. Rxc4 Ne1+ 30. Kd1 Nd3 31. b4 Nb2+ 32. Kc2 Nxc4 33. bxc5 Na5
34. Na7 Kf7 35. c6 Nxc6 36. Nxc6 Ke8 37. Kb3 Kd7 38. Nd4 Kd6 39. a5 Kc7 40. Kb4
h5 41. Kb5 Kb7 42. a6+ Ka7 43. Nc6+ Ka8 44. h3 f5 45. g4 hxg4 46. hxg4 fxg4 47.
f5 g3 48. f6 g2 49. f7 g1=Q 50. f8=R# 1-0

[Event "AUTO-INT-1740"]
[Site "http://www.queenalice.com/game.php?id=795970"]
[Date "2010.6.28"]
[Round "1"]
[White "Vinicius92"]
[Black "AndreGazola"]
[Result "0-1"]
[WhiteElo "1236"]
[BlackElo "1523"]

1. e4 c5 2. Qh5 e6 3. e5 Nc6 4. d3 Qc7 5. f4 d6 6. d4 Nxd4 7. Na3 a6 8. Bd2 b5
9. O-O-O Bb7 10. Nh3 O-O-O 11. Qh4 Ne7 12. b4 Nef5 13. Qf2 dxe5 14. g3 Bxh1 15.
c3 cxb4 16. Nc2 bxc3 17. Be3 Qa5 18. Nxd4 Qa3+ 19. Kc2 Qb2+ 20. Kd3 e4# 0-1

[Event "AUTO-INT-1740"]
[Site "http://www.queenalice.com/game.php?id=795971"]
[Date "2010.6.28"]
[Round "1"]
[White "AndreGazola"]
[Black "UU"]
[Result "1-0"]
[WhiteElo "1646"]
[BlackElo "1505"]

1. e4 e5 2. f4 exf4 3. Nf3 Nf6 4. e5 Ne4 5. d3 Nc5 6. d4 Ne4 7. Bd3 Ng5 8. Nxg5
Qxg5 9. O-O Nc6 10. Bxf4 Qe7 11. c3 d6 12. exd6 cxd6 13. Re1 Be6 14. d5 1-0

[Event "AUTO-INT-1740"]
[Site "http://www.queenalice.com/game.php?id=795972"]
[Date "2010.6.28"]
[Round "1"]
[White "UU"]
[Black "AndreGazola"]
[Result "0-1"]
[WhiteElo "1505"]
[BlackElo "1631"]

1. e4 c5 2. Nf3 e6 3. Nc3 Nc6 4. d4 cxd4 5. Nxd4 Qc7 6. Ndb5 Qb8 7. Bd3 a6 8.
Na3 Bxa3 9. bxa3 Nge7 10. Bg5 Qc7 11. O-O b5 12. a4 b4 13. Ne2 O-O 0-1

[Event "AUTO-INT-1740"]
[Site "http://www.queenalice.com/game.php?id=795973"]
[Date "2010.6.28"]
[Round "1"]
[White "AndreGazola"]
[Black "vieri"]
[Result "1-0"]
[WhiteElo "1621"]
[BlackElo "1395"]

1. e4 e5 2. Nc3 c6 3. d4 d6 4. dxe5 dxe5 5. Qxd8+ Kxd8 6. Bc4 Be6 7. Bg5+ Be7 8.
O-O-O+ Kc7 9. Bxe7 Bxc4 10. Bd6+ Kc8 11. Bf8 g6 12. Bg7 Nd7 13. Bxh8 Kc7 14. Nf3
Nh6 15. Nxe5 Rxh8 16. Rxd7+ Kc8 17. Rhd1 Be6 18. R7d6 Kc7 19. Na4 Rc8 20. Nc5
Re8 21. Nxe6+ Rxe6 22. Rxe6 Kb6 23. Re7 a5 24. Rdd7 Ng8 25. Rxb7+ Kc5 26. Nd3+
Kd4 27. Rbd7+ Kc4 28. b3+ Kb5 29. Rb7+ Ka6 30. Ra7+ Kb6 31. Reb7# 1-0

[Event "AUTO-INT-1740"]
[Site "http://www.queenalice.com/game.php?id=795974"]
[Date "2010.6.28"]
[Round "1"]
[White "vieri"]
[Black "AndreGazola"]
[Result "0-1"]
[WhiteElo "1395"]
[BlackElo "1660"]

1. g3 d5 2. d4 Nf6 3. Bg2 c6 4. Nf3 Bg4 5. Ne5 Bf5 6. Nc3 Nbd7 7. O-O e6 8. Bg5
Bd6 9. Nxd7 Qxd7 10. a3 Be7 11. Re1 h6 12. Bxf6 gxf6 13. f3 O-O-O 14. g4 Bg6 15.
h4 h5 16. g5 fxg5 17. hxg5 Bxg5 18. e4 h4 19. e5 h3 20. Bh1 Bh4 21. Re2 Qe7 22.
Na4 Qg5+ 23. Bg2 hxg2 24. Rxg2 Qe3+ 25. Kh1 Bg3+ 26. Rh2 Rxh2# 0-1

[Event "QA-ANNIV-06"]
[Site "http://www.queenalice.com/game.php?id=837012"]
[Date "2010.9.23"]
[Round "2"]
[White "TriGuy"]
[Black "AndreGazola"]
[Result "1-0"]
[WhiteElo "2313"]
[BlackElo "1690"]

1. d4 d5 2. c4 c6 3. Nf3 Nf6 4. Qc2 Bg4 5. Ne5 e6 6. cxd5 exd5 7. Bg5 Be6 8. Nc3
Be7 9. e3 Nfd7 10. Bxe7 Qxe7 11. Nf3 O-O 12. Bd3 Nf6 13. O-O Nbd7 14. Rfe1 h6
15. h3 1-0